Elements of power system analysis (Record no. 3209)

000 -LEADER
fixed length control field 00596nam a2200217 a 4500
001 - CONTROL NUMBER
control field 3209
003 - CONTROL NUMBER IDENTIFIER
control field BD-DhUET
008 - FIXED-LENGTH DATA ELEMENTS--GENERAL INFORMATION
fixed length control field 810331s1982 nyua 001 0 eng
020 ## - INTERNATIONAL STANDARD BOOK NUMBER
International Standard Book Number 0070612781
020 ## - INTERNATIONAL STANDARD BOOK NUMBER
International Standard Book Number 007061279X
040 ## - CATALOGING SOURCE
Original cataloging agency DLC
Transcribing agency DLC
Modifying agency BD-DhUET
082 00 - DEWEY DECIMAL CLASSIFICATION NUMBER
Classification number 623.12
Item number STE/1982
100 1# - MAIN ENTRY--PERSONAL NAME
Personal name Stevenson, William D.
245 10 - TITLE STATEMENT
Title Elements of power system analysis
250 ## - EDITION STATEMENT
Edition statement 4th ed.
260 ## - PUBLICATION, DISTRIBUTION, ETC. (IMPRINT)
Place of publication, distribution, etc. New York
Name of publisher, distributor, etc. McGraw-Hill
Date of publication, distribution, etc. 1982
300 ## - PHYSICAL DESCRIPTION
Extent xii, 436 p.
Other physical details ill.
Dimensions 25 cm.
490 ## - SERIES STATEMENT
Series statement McGRAW-HILL series in electrical engineering
650 #0 - SUBJECT ADDED ENTRY--TOPICAL TERM
Topical term or geographic name as entry element Electric power system stability
942 ## - ADDED ENTRY ELEMENTS (KOHA)
Koha item type General Book
Holdings
Price effective from Piece designation (barcode) Koha item type Shelving location Koha date last borrowed Koha normalized classification for sorting Copy number Location (home branch) Koha full call number Lost status Not for loan Date acquired Sublocation or collection (holding branch) Koha issues (times borrowed) Koha date last seen Source of classification or shelving scheme Withdrawn status Koha renewals Damaged status
2014-10-22110313General BookCirculation section2021-09-27623_120000000000000_STE_19821Central Library, BUET623.12/STE/1982  2014-10-22Central Library, BUET522021-09-27    
2015-02-1069178General BookCirculation section 623_120000000000000_STE_19822Central Library, BUET623.12/STE/1982  2015-02-10Central Library, BUET 2015-02-10    
2015-02-1178208 General BookCirculation section2021-08-31623_120000000000000_STE_19823Central Library, BUET623.12/STE/1982  2015-02-11Central Library, BUET222021-08-31  2 
2015-06-2467386Reading ItemReading section 623_120000000000000_STE_19824Central Library, BUET623.12/STE/1982  2015-06-24Central Library, BUET 2015-06-24    
2015-06-2467384Reading ItemReading section 623_120000000000000_STE_19825Central Library, BUET623.12/STE/1982  2015-06-24Central Library, BUET 2015-06-24    
2015-06-2467385Reading ItemReading section 623_120000000000000_STE_19826Central Library, BUET623.12/STE/1982  2015-06-24Central Library, BUET 2015-06-24    
2015-06-2463905Reading ItemReading section 623_120000000000000_STE_19827Central Library, BUET623.12/STE/1982  2015-06-24Central Library, BUET 2015-06-24    
2015-06-2563906Reading ItemReading section 623_120000000000000_STE_19828Central Library, BUET623.12/STE/1982  2015-06-25Central Library, BUET 2015-06-25    
2015-06-2563907Reading ItemReading section 623_120000000000000_STE_19829Central Library, BUET623.12/STE/1982  2015-06-25Central Library, BUET 2015-06-25    
2015-06-2863908Reading ItemReading section 623_120000000000000_STE_198210Central Library, BUET623.12/STE/1982  2015-06-28Central Library, BUET 2015-06-28